[Event "Romania rapid online op final"]
[Site "Chess.com INT"]
[Date "2020.05.01"]
[Round "1"]
[White "Nedelcu, Florin"]
[Black "Calin, Alexandru"]
[Result "0-1"]
[WhiteElo "1615"]
[BlackElo "2107"]
[PlyCount "42"]
[EventDate "2020.05.01"]
[EventType "swiss (rapid)"]
[EventRounds "7"]
[EventCountry "ROU"]
[SourceTitle "CBM 196 Extra"]
[Source "ChessBase"]
[SourceDate "2020.07.31"]
[SourceVersion "1"]
[SourceVersionDate "2020.07.31"]
[SourceQuality "1"]

1. e4 d6 2. d4 Nf6 3. Nc3 Nbd7 4. f4 e5 5. Be3 c6 6. Nf3 exd4 7. Qxd4 d5 8. e5 Ng4 9. Qd2 Nxe3 10. Qxe3 Bc5 11. Qd2 0-0 12. 0-0-0 b5 13. Nd4 Qb6 14. e6 fxe6 15. Kb1 Bxd4 16. Qxd4 Qxd4 17. Rxd4 c5 18. Rd1 b4 19. Ne2 Nf6 20. g3 Ng4 21. Rd3 Nf2 0-1